LEADER 00733naa a2200145 i 4500 001 000000295584 003 CaOOAMICUS 005 20180831172528.0 008 180831n xx u000 u und u 013 $a2879 040 $aSeMil$bita 100 1 $aArx, Walter : von.$0(OLS)http://semarc/name/85338 245 10$aLiturgische Reflexion im Klerus anhand des "Archivs für die Pastoralkonferenzen in den Landkapiteln des Bisthums Konstanz". 773 0 $tLiturgiewissenschaft.$dMünster : Aschendorff, 1996.$kLiturgiewissenschaftliche Quellen und Forschungen$z3-402-04057-7$w()48041 996 $6245$aLiturgische Reflexion im Klerus anhand des "Archivs für die Pastoralkonferenzen in den Landkapiteln des Bisthums Konstanz"$9(OLS)http://semarc/title/371641 LEADER 01211nam a2200289 i 4500 001 000000342993 003 CaOOAMICUS 005 20220307141920.0 008 201117s2013 ne u000 u eng u 013 $a238029 020 $a978-2-503-55106-7 040 $aSeMil$bita 100 0 $aTheognostus : Monacus.$0(OLS)http://semarc/name/44268 245 10$aTreasury /$cTheognostos ; introduction, translation and notes by Joseph A. Munitiz. 264 1$aTurnhout :$bBrepols,$c2013. 300 $a310 p. ;$c26 cm 490 1 $aCorpus christianorum in translation ;$v16 504 $aBibliography, p. 17-29 700 1 $aMunitiz, Joseph A.$0(OLS)http://semarc/name/23040 765 0 $aTheognostus : Monacus$tThesaurus.$kCorpus Christianorum. Series Graeca$w()104832 830 0$aCorpus christianorum in translation ;$v16.$0(OLS)http://semarc/title/9239 850 $aSeMil 852 $aSeMil$W1$xVenegono$y1$m2TA K 16$j222339$B233969$CSeMilBibl$Z2$F233969 $81 996 $6020$a978-2-503-55106-7$9(OLS)http://semarc/number/291659 996 $6245$aTreasury$9(OLS)http://semarc/title/431939 996 $6264$aTurnhout :$bBrepols$9(OLS)http://semarc/publisher/29626